NBA Rank 2024 ESPN's Top 100 Players - Statistics

General Stats
  • This quiz has been taken 21 times
  • The average score is 57 of 100
Answer Stats
Rank Team Position 2023 NBA Rank Player % Correct
2. DAL G #4 Luka Doncic
100%
1. DEN C #2 Nikola Jokic
100%
3. MIL F #1 Giannis Antetokounmpo
95%
6. GSW G #5 Stephen Curry
95%
5. BOS F #6 Jayson Tatum
90%
8. PHI C #3 Joel Embiid
90%
7. LAL F #9 LeBron James
90%
4. OKC G #8 Shai Gilgeous-Alexander
90%
10. MIN G #13 Anthony Edwards
85%
12. NYK G #32 Jalen Brunson
85%
28. MIA F #12 Jimmy Butler
85%
9. PHX F #7 Kevin Durant
85%
11. SAS C #47 Victor Wembanyama
85%
13. LAL F #10 Anthony Davis
80%
18. MIA C #16 Bam Adebayo
80%
23. MIL G #14 Damian Lillard
80%
26. SAC G #23 De'Aaron Fox
80%
43. NOP G #60 Dejounte Murray
80%
15. PHX G #11 Devin Booker
80%
31. DEN G #17 Jamal Murray
80%
20. MEM G #35 Ja Morant
80%
14. BOS G #19 Jaylen Brown
80%
22. LAC F #24 Kawhi Leonard
80%
94. SAC F NR Keegan Murray
80%
25. DAL G #34 Kyrie Irving
80%
24. ORL F #30 Paolo Banchero
80%
21. PHI F #18 Paul George
80%
16. IND G #21 Tyrese Haliburton
80%
19. PHI G #42 Tyrese Maxey
80%
27. NOP F #57 Zion Williamson
80%
29. SAC F #22 Domantas Sabonis
75%
17. CLE G #15 Donovan Mitchell
75%
44. OKC F #95 Jalen Williams
75%
34. MIN C #64 Rudy Gobert
75%
58. CHI G NR Coby White
70%
39. BOS G NR Derrick White
70%
47. CLE F #40 Evan Mobley
70%
30. NYK C #20 Karl-Anthony Towns
70%
46. BOS C #62 Kristaps Porzingis
70%
35. TOR F #63 Scottie Barnes
70%
37. ATL G #27 Trae Young
70%
32. OKC F #73 Chet Holmgren
65%
57. CLE G #36 Darius Garland
65%
55. MEM F #31 Jaren Jackson Jr.
65%
36. BOS G #26 Jrue Holiday
65%
50. CHA G #48 LaMelo Ball
65%
33. UTA F #28 Lauri Markkanen
65%
49. DEN F #51 Aaron Gordon
60%
45. SAC F #39 DeMar DeRozan
60%
52. ORL F #52 Franz Wagner
60%
41. LAC G #43 James Harden
60%
48. MIN F #45 Julius Randle
60%
38. NYK F #33 Mikal Bridges
60%
42. IND F #25 Pascal Siakam
60%
54. HOU C NR Alperen Sengun
55%
67. DET G #74 Cade Cunningham
55%
99. SAS G #76 Chris Paul
55%
66. GSW F #55 Draymond Green
55%
69. HOU G #80 Jalen Green
55%
73. CLE C #50 Jarrett Allen
55%
71. DAL G #41 Klay Thompson
55%
74. CHI G #38 Zach LaVine
55%
40. NOP F #27 Brandon Ingram
50%
76. MIA G #79 Tyler Herro
50%
96. BOS C NR Al Horford
45%
72. LAL G #66 Austin Reaves
45%
60. MEM G #61 Desmond Bane
45%
61. NYK G #91 Josh Hart
45%
85. OKC G NR Luguentz Dort
45%
81. IND C #65 Myles Turner
45%
82. NYK C #100 Mitchell Robinson
40%
59. OKC G NR Alex Caruso
35%
88. OKC C NR Isaiah Hartenstein
35%
95. ORL G NR Jalen Suggs
35%
63. MIL F #46 Khris Middleton
35%
89. DEN F #68 Michael Porter Jr.
35%
87. MIN F NR Naz Reid
35%
93. MIL C #69 Brook Lopez
30%
56. DAL C NR Dereck Lively II
30%
77. MIN F NR Jaden McDaniels
30%
51. NYK F #67 OG Anunoby
30%
53. TOR F #71 RJ Barrett
30%
90. GSW F #54 Andrew Wiggins
25%
70. PHX G #37 Bradley Beal
25%
78. GSW G NR Brandin Podziemski
25%
68. CHA F NR Brandon Miller
25%
75. MIN G NR Donte DiVincenzo
25%
79. HOU G #56 Fred VanVleet
25%
98. MIN G #93 Mike Conley
25%
100. POR G #85 Anfernee Simons
20%
84. NOP G #44 CJ McCollum
20%
97. NOP F NR Herbert Jones
20%
64. TOR G #92 Immanuel Quickley
20%
65. SAC G NR Malik Monk
20%
83. MEM G #59 Marcus Smart
20%
92. HOU F NR Jabari Smith Jr.
15%
80. POR F #58 Jerami Grant
15%
91. WAS C #99 Jonas Valanciunas
15%
62. ORL F NR Kentavious Caldwell-Pope
10%
86. MIA F NR Jaime Jaquez Jr.
0%
No matching quizzes found
Score Distribution
Percent of People with Each Score
Percentile by Number Answered
Your Score History
You have not taken this quiz